000 00824 a2200241 4500
003 CBULib
005 20240117105109.0
008 240115b |||||||| |||| 00| 0 eng d
040 _aCBULib
_bEnglish
_cCBULib
_erda
041 _aeng
050 _aCBU-PG THESIS/MVU
100 _aMvula, Eziron
245 _aHigh pressure phase stability, elastic anisotropy and electronic properties of GePd
_c/ by Eziron Mvula
260 _bCopperbelt University,
_c2021
_aKitwe:
300 _aviii, 56 pages : illustrations
336 _2rdacontent
_aText |
_btxt
337 _2rdamedia
_aUnmediated |
_bn
338 _2rdacarrier
_aVolume
_bnc
650 0 _91695
_aELECTRONIC PROPERTIES OF Gepd - CHEMISTRY
650 0 _91700
_aELASTIC ANISOTROPY - CHEMISTRY
650 0 _91702
_aGIBBS FREE ENEREGY - CHEMISTRY
942 _2lcc
_c030
999 _c83993
_d83993